000 00913nam a2200253 i 4500
001 12323
003 ES-MaACL
005 20250627063622.0
007 t|
008 921022s1989 sp fo ||||0| spa d
020 _a84-7492-460-X
080 _a355(460.11)(091)
100 1 _aÁlvarez, Santiago,
_d1913-2002
_9155286
245 1 4 _aLas milicias populares gallegas
_b: un símbolo de la Galicia antifranquista : ensayo histórico /
_cSantiago Álvarez ; testimonios, Manuel López Iglesias... [et al. ].
260 _aA Coruña :
_bEdiciós do Castro,
_cD.L. 1989.
300 _a198 p., [24] p. de fot ;
_c21 cm.
490 1 _aDocumentos ;
_v68
650 4 _aMilicias-
_zGalicia-
_y1936-1939.
_9155288
651 4 _aGalicia-
_xHistoria militar.
_98735
700 1 _aLópez Iglesias, Manuel.
_973707
830 0 _aDocumentos ;
_v68
_9177791
852 _aES-MaACL
_jL-19519
999 _c12323
_d12323